| 000 | 00750nam a2200253Ia 4500 | ||
|---|---|---|---|
| 003 | OSt | ||
| 005 | 20220928112659.0 | ||
| 006 | a|||||r|||| 00| 0 | ||
| 007 | ta | ||
| 008 | 220927b |||||||| |||| 00| 0 hin d | ||
| 020 | _cINR 800.00 | ||
| 024 | _a140420 | ||
| 037 |
_b066, 18/02/2019, Kiran Book Service _cTextual |
||
| 040 |
_aSDCL _cSDCL _bhin |
||
| 041 |
_2hin _ahin |
||
| 082 | _aY:1.2'C, Q6 | ||
| 100 |
_aDhandhla P.M. _9429196 |
||
| 245 | 0 | _aPrachin bharat m sanskrit lekhan ki parampara | |
| 260 |
_aNew Delhi _bRawat prakashan _c2016 |
||
| 300 |
_av,190p. _ccm. |
||
| 650 |
_aSanskrit _9391587 |
||
| 942 |
_hY:1.2'C, Q6 _cTEXL _2CC |
||
| 999 |
_c745692 _d745692 |
||